| 000 | 00763cam a2200205 4500 | ||
|---|---|---|---|
| 001 | WB3721-24 | ||
| 008 | 000000n2001 000 0 eng u | ||
| 035 | _a(Sirsi) u112862 | ||
| 245 | _aVOA refused funds for f-and-m overload | ||
| 260 | _c2001 | ||
| 490 |
_aProperty Week _v66(21) 25 May 2001, 10(1) |
||
| 520 | _aValuation Office Agency will not receive any more funds to process additional claims caused by the foot and mouth epidemic. This news has come after the RICS called for significant changes to the programming system. | ||
| 590 | _aWB | ||
| 650 | _aVALUATION OFFICE AGENCY | ||
| 650 | _aFOOT-AND-MOUTH DISEASE | ||
| 650 | _aRICS POLICY | ||
| 650 | _aRICS RATING PANEL | ||
| 690 | _aPROPERTY-PROPERTY APPRAISAL AND VALUATION | ||
| 942 | _n0 | ||
| 999 |
_c67182 _d67182 |
||